000 03957 a2200493 4500
003 Nust
005 20170207165241.0
020 _a9780470165973
020 _a9780470165973
024 7 _a10.1002/9780470165973
035 _a(EBZ)ebs375331e
035 _a(OCoLC)181346954
035 _a(WaSeSS)ssj0000171101
035 _a(WaSeSS)ssj0000171101
040 _cNust
082 0 4 _a621.39/5
100 1 _aGoel, Ashok K.,
245 1 0 _aHigh-speed VLSI interconnections (E Book)
_h[Elektronisk resurs] /
_cAshok K. Goel.
250 _a2nd ed.
260 _aHoboken, N.J. :
_bWiley-Interscience :
_bIEEE Press,
_cc2007.
300 _a1 online resource (xix, 407 p.) :
_bill.
490 1 _aWiley series in microwave and optical engineering
505 0 _aHigh-Speed VLSI Interconnections; Contents; PREFACE; 1 Preliminary Concepts and More; 2 Parasitic Resistances, Capacitances, and Inductances; 3 Interconnection Delays; 4 Crosstalk Analysis; 5 Electromigration-Induced Failure Analysis; 6 Future Interconnections; INDEX;
520 _aThis Second Edition focuses on emerging topics and advances in the field of VLSI interconnections. In the decade since High-Speed VLSI Interconnections was first published, several major developments have taken place in the field. Now, updated to reflect these advancements, this Second Edition includes new information on copper interconnections, nanotechnology circuit interconnects, electromigration in the copper interconnections, parasitic inductances, and RLC models for comprehensive analysis of interconnection delays and crosstalk. Each chapter is designed to exist independently or as a par.
650 0 _aCOMPUTERS
_xLogic Design.
650 0 _aIntegrated circuits
_xVery large scale integration
_xComputer simulation.
650 0 _aSemiconductors
_xJunctions.
650 0 _aTECHNOLOGY & ENGINEERING
_xElectronics
_xCircuits
_xLogic.
650 0 _aTECHNOLOGY & ENGINEERING
_xElectronics
_xCircuits
_xVLSI & ULSI.
650 0 _aVery high speed integrated circuits
_xDefects
_xMathematical models.
650 0 _aVery high speed integrated circuits
_xMathematical models.
655 4 _aElectronic books.
655 4 _aElectronic books.
830 0 _aWiley series in microwave and optical engineering.
856 4 2 _3John Wiley
_uhttp://dx.doi.org/10.1002/9780470165973
856 4 2 _uhttp://ezproxy.its.uu.se/login?url=http://ieeexplore.ieee.org/servlet/opac?bknumber=5201516
856 4 2 _uhttp://link.sub.su.se/sfxsub?url_ver=Z39.88-2004&ctx_ver=Z39.88-2004&ctx_enc=info:ofi/enc:UTF-8&rfr_id=info:sid/sfxit.com:opac_856&url_ctx_fmt=info:ofi/fmt:kev:mtx:ctx&sfx.ignore_date_threshold=1&rft.object_id=1000000000376978&svc_val_fmt=info:ofi/fmt:kev:mtx:sch_svc&
856 4 2 _uhttp://proxy.lib.chalmers.se/login?url=http://ieeexplore.ieee.org/servlet/opac?bknumber=5201516
856 4 2 _uhttp://proxy.lib.chalmers.se/login?url=http://library.books24x7.com/library.asp?^B&bookid=40554
856 4 2 _uhttp://sfxeu10.hosted.exlibrisgroup.com/sfxkth?url_ver=Z39.88-2004&ctx_ver=Z39.88-2004&ctx_enc=info:ofi/enc:UTF-8&rfr_id=info:sid/sfxit.com:opac_856&url_ctx_fmt=info:ofi/fmt:kev:mtx:ctx&sfx.ignore_date_threshold=1&rft.object_id=1000000000376978&svc_val_fmt=info:ofi/fmt:kev:mtx:sch_svc&
856 4 2 _uhttp://sfxeu11.hosted.exlibrisgroup.com/sfxkib?url_ver=Z39.88-2004&ctx_ver=Z39.88-2004&ctx_enc=info:ofi/enc:UTF-8&rfr_id=info:sid/sfxit.com:opac_856&url_ctx_fmt=info:ofi/fmt:kev:mtx:ctx&sfx.ignore_date_threshold=1&rft.object_id=1000000000376978&svc_val_fmt=info:ofi/fmt:kev:mtx:sch_svc&
856 4 2 _uhttp://sfxeu11.hosted.exlibrisgroup.com/sfxmiu/?url_ver=Z39.88-2004&ctx_ver=Z39.88-2004&ctx_enc=info:ofi/enc:UTF-8&rfr_id=info:sid/sfxit.com:opac_856&url_ctx_fmt=info:ofi/fmt:kev:mtx:ctx&sfx.ignore_date_threshold=1&rft.object_id=1000000000376978&svc_val_fmt=info:ofi/fmt:kev:mtx:sch_svc&
856 4 2 _uhttps://login.e.bibl.liu.se/login?url=http://www.books24x7.com/marc.asp?bookid=40554
942 _2ddc
_cBK
999 _c211237
_d211237